00271nam a2200109Ia 4500008004100000082001000041100001800051245002200069260002600091630002200117730002200139100328s9999 xx 000 0 und d b15150 aBlack Hermina aPortrait Of Sarah bThe Romance Book Club aPortrait Of Sarah aPortrait Of Sarah